000 00983cam a2200289 a 4500
003 SISC
005 20160330131839.0
008 860819s1987 onc 000 0 eng
010 _a 86022155
020 _a0553266454 :
_c$17.95 (U.S.)
040 _aDLC
_cDLC
_dDLC
043 _an-us-ny
050 0 0 _aHV 8079.H6
_b.St77 1988
082 0 0 _aHS 363.2
_b.St8 1988
100 1 _aStroud, Carsten,
_d1946-
_911907
245 1 0 _aClose pursuit :
_cCarsten Stroud.
260 _aNew York :
_bBantam Books,
_cc1988.
300 _a338 p. ;
_c18 cm.
562 _eFor circulation. One copy available in the collection.
610 1 0 _aHomicide investigation.
_xNew York.
_911908
610 1 0 _aNew York (N.Y.)
_xPolice dept.
_911909
650 0 _aHomicide investigation
_zNew York (State)
_zNew York
_xCase studies.
_911910
650 0 _aPolice
_zNew York (State)
_zNew York
_xCase studies.
_911911
906 _a7
_bcbc
_corignew
_d1
_eocip
_f19
_gy-gencatlg
942 _2lcc
_cBK
999 _c8944
_d8944